Vol. 1 Núm. 1 (2014): Revie - Revista de Investigación y Evaluación Educativa (Record no. 12511)

MARC details
000 -LEADER
campo de control de longitud fija 00825nam a22001817a 4500
003 - IDENTIFICADOR DE NÚMERO DE CONTROL
campo de control OSt
005 - FECHA Y HORA DE LA ÚLTIMA TRANSACCIÓN
campo de control 20250228110953.0
008 - DATOS DE LONGITUD FIJA--INFORMACIÓN GENERAL
campo de control de longitud fija 250228b2014 dr a|||| ip|| 001 0 spa d
020 ## - NÚMERO INTERNACIONAL ESTÁNDAR DEL LIBRO
Número Internacional Estándar del Libro ONLINE: 2409-1553
040 ## - FUENTE DE CATALOGACIÓN
Centro catalogador/agencia de origen CGID0031
Lengua de catalogación spa
Centro/agencia transcriptor CGID0031
Normas de descripción rda
110 ## - ENTRADA PRINCIPAL--NOMBRE DE ENTIDAD CORPORATIVA
Nombre de entidad corporativa o nombre de jurisdicción como elemento de entrada Instituto Dominicano de Evaluación e Investigación de la Calidad Educativa (IDEICE)
245 ## - MENCIÓN DEL TÍTULO
Título Vol. 1 Núm. 1 (2014): Revie - Revista de Investigación y Evaluación Educativa
Mención de responsabilidad, etc. Instituto Dominicano de Evaluación e Investigación de la Calidad Educativa (IDEICE)
260 ## - PUBLICACIÓN, DISTRIBUCIÓN, ETC.
Lugar de publicación, distribución, etc. Santo Domingo:
Nombre del editor, distribuidor, etc. Instituto Dominicano de Evaluación e Investigación de la Calidad Educativa (IDEICE)
Fecha de publicación, distribución, etc. 2014
300 ## - DESCRIPCIÓN FÍSICA
Extensión 56p
520 ## - RESUMEN, ETC.
Sumario, etc. Investigación y Evaluación Educativa
650 ## - PUNTO DE ACCESO ADICIONAL DE MATERIA--TÉRMINO DE MATERIA
Fuente del encabezamiento o término 1- Investigación 2- Evaluación Educativa
942 ## - ELEMENTOS DE ENTRADA SECUNDARIOS (KOHA)
Fuente de la clasificación o esquema de estantería Clasificación Decimal Dewey
Tipo de ítem Koha Revistas
Edición Vol. 1 Núm. 1
Suprimir en OPAC No
Holdings
Estatus retirado Estado de pérdida Fuente de la clasificación o esquema de estantería Estado de daño No para préstamo Biblioteca de origen Biblioteca actual Fecha de adquisición Total de préstamos Visto por última vez Identificador uniforme de recursos Precio de reemplazo Tipo de ítem Koha
    Clasificación Decimal Dewey     Repositorio IDEICE Repositorio IDEICE 28/02/2025   28/02/2025 https://revie.gob.do/index.php/revie/issue/view/16 28/02/2025 Revistas

© 2024. Todos los Derechos Reservados. Desarrollado por IDEICE